Figurative Language - Statistics

General Stats
  • This quiz has been taken 163 times
  • The average score is 10 of 15
Answer Stats
Answer % Correct
"Cause you know I'd walk a thousand miles" hyperbole
81%
"Smooth as a hickory wind" simile
81%
"You are the thunder, and I am the lighting" metaphor
77%
"I've heard it all a million times ..." hyperbole
76%
"I got that boom, boom, boom" onomatopoeia
76%
I've searched around the world, but just can't find..." hyperbole
74%
"I must have called a thousand times" hyperbole
74%
"the moonlight dancing off your skin" personification
71%
"You start to freeze as horror looks you right between the eyes" personification
69%
"The truth comes out a little at a time And it spreads just like a fire " simile
69%
"this time, this place, misused, mistakes, too long, too late" alliteration
61%
"That you were Romeo" metaphor
56%
raindrops on rose,......white copper kettles and warm woolen mittens" alliteration
52%
"no he can't read my poker face" idiom
35%
"how my poor heart aches, with every step you take" idiom
18%
No matching quizzes found
Score Distribution
Percent of People with Each Score
Percentile by Number Answered
Your Score History
You have not taken this quiz